Compétence Judiciaire et effets des Jugements dans le marché commun : étude de la convention de Bruxelles du 27 Septembre 1968 (Record no. 40818)
[ view plain ]
| 000 -LEADER | |
|---|---|
| fixed length control field | 00685 a2200241 4500 |
| 037 ## - SOURCE OF ACQUISITION | |
| Source of stock number/acquisition | ARRAY(0x9fa9a78) |
| 037 ## - SOURCE OF ACQUISITION | |
| Stock number | 05/081 |
| 100 ## - VEDETTE PRINCIPALE - NOM DE PERSONNE | |
| Personal name | Droz, Georges A. L. |
| 100 ## - VEDETTE PRINCIPALE - NOM DE PERSONNE | |
| Language of a work | Fr |
| 260 ## - PUBLICATION, DISTRIBUTION, ETC. (IMPRINT) | |
| Place of publication, distribution, etc | Paris |
| 260 ## - PUBLICATION, DISTRIBUTION, ETC. (IMPRINT) | |
| Name of publisher, distributor, etc | Dalloz |
| 245 ## - TITLE STATEMENT | |
| Title | Compétence Judiciaire et effets des Jugements dans le marché commun : étude de la convention de Bruxelles du 27 Septembre 1968 |
| 260 ## - PUBLICATION, DISTRIBUTION, ETC. (IMPRINT) | |
| Date of publication, distribution, etc | 1972 |
| 300 ## - PHYSICAL DESCRIPTION | |
| Extent | 577 p |
| 300 ## - PHYSICAL DESCRIPTION | |
| Other physical details | 243 cm |
| 440 ## - SERIES STATEMENT/ADDED ENTRY--TITLE | |
| Title | Bibliothèque de droit international privé |
| 630 ## - SUBJECT ADDED ENTRY--UNIFORM TITLE | |
| Uniform title | 34 - Droit. Jurisprudence. Legislation |
| 650 ## - SUBJECT ADDED ENTRY--TOPICAL TERM | |
| Topical term or geographic name as entry element | 3 - SCIENCES SOCIALES |
| 650 ## - SUBJECT ADDED ENTRY--TOPICAL TERM | |
| Topical term or geographic name as entry element | Droit commercial |
| 700 ## - ADDED ENTRY--PERSONAL NAME | |
| Personal name | Préf., Batiffol, Henri |
| Withdrawn status | Lost status | Damaged status | Not for loan | Location (home branch) | Sublocation or collection (holding branch) | Date acquired | Koha issues (times borrowed) | Koha full call number | Koha date last seen | Price effective from | Koha item type |
|---|---|---|---|---|---|---|---|---|---|---|---|
| Bibliothèque Universitaire Centrale | Bibliothèque Universitaire Centrale | 28/02/2009 | 347.98 DRO | 28/02/2009 | 28/02/2009 | Livre |